Statystyki dla Z jakiego klubu trafili?

Kliknij tutaj aby rozwiązać quiz!

Ogólne statystyki

  • Ten quiz został rozwiązany 144 razy
  • Średni wynik to 5 z 15

Statystyki odpowiedzi

Piłkarz i późniejszy klubKlub z jakiego trafił% Poprawnych
Hirving Lozano (SSC Napoli)PSV Eindhoven
77%
Andrew Robertson (FC Liverpool)Hull City
64%
Júnior Firpo (FC Barcelona)Real Betis
60%
Marcos Llorente (Atletico Madryt)Real Madryt
57%
Fernandinho (Manchester City)Szachtar Donieck
54%
Granit Xhaka (Borussia Mönchengladbach)FC Basel 1893
41%
Juan Mata (Chelsea FC)Valencia CF
33%
Axel Witsel (Tianjin Tianhai)Zenit Petersburg
25%
Kurt Zouma (Chelsea FC)AS Saint-Étienne
13%
Roberto Gagliardini (Inter Mediolan)Atalanta Bergamo
13%
Marcelo (Real Madryt)Fluminense
12%
Sven Ulreich (Bayern Monachium)VfB Stuttgart
12%
Serge Aurier (PSG)FC Toulouse
11%
Juan Cuadrado (AC Fiorentina)Udinese Calcio
10%
Idrissa Gueye (FC Everton)Aston Villa
4%

Rozkład punktacji

Percentyl według liczby udzielonych odpowiedzi

Procent ludzi z każdym wynikiem

Twoja historia wyników

Nie rozwiązałeś tego quizu